<?xml version="1.0" encoding="UTF-8"?>
<record
    xmlns:xsi="http://www.w3.org/2001/XMLSchema-instance"
    xsi:schemaLocation="http://www.loc.gov/MARC21/slim http://www.loc.gov/standards/marcxml/schema/MARC21slim.xsd"
    xmlns="http://www.loc.gov/MARC21/slim">

  <leader>00563nam a22001817a 4500</leader>
  <datafield tag="999" ind1=" " ind2=" ">
    <subfield code="c">7830</subfield>
    <subfield code="d">7830</subfield>
  </datafield>
  <controlfield tag="005">20231221172802.0</controlfield>
  <controlfield tag="008">231221b           ||||| |||| 00| 0 eng d</controlfield>
  <datafield tag="020" ind1=" " ind2=" ">
    <subfield code="a">9788418680397</subfield>
  </datafield>
  <datafield tag="040" ind1=" " ind2=" ">
    <subfield code="c">CDMR</subfield>
  </datafield>
  <datafield tag="100" ind1=" " ind2=" ">
    <subfield code="9">4917</subfield>
    <subfield code="a">Mu&#xF1;oz, Josep M.</subfield>
  </datafield>
  <datafield tag="245" ind1=" " ind2=" ">
    <subfield code="a">Les petjades de la mem&#xF2;ria </subfield>
    <subfield code="b">: onze entrevistes de L'Aven&#xE7; </subfield>
    <subfield code="c">/ Josep M. Mu&#xF1;oz Lloret ; pr&#xF2;leg d'Ignasi Aragay</subfield>
  </datafield>
  <datafield tag="260" ind1=" " ind2=" ">
    <subfield code="a">Barcelona : </subfield>
    <subfield code="b">L'Aven&#xE7;, </subfield>
    <subfield code="c">2023</subfield>
  </datafield>
  <datafield tag="300" ind1=" " ind2=" ">
    <subfield code="a">325 p.</subfield>
  </datafield>
  <datafield tag="490" ind1=" " ind2=" ">
    <subfield code="a">L'Aven&#xE7; Assaig </subfield>
    <subfield code="v">; 129</subfield>
  </datafield>
  <datafield tag="630" ind1=" " ind2="0">
    <subfield code="9">4918</subfield>
    <subfield code="a">L'Aven&#xE7; (Revista)</subfield>
  </datafield>
  <datafield tag="650" ind1=" " ind2="0">
    <subfield code="9">4266</subfield>
    <subfield code="a">Intervius</subfield>
  </datafield>
  <datafield tag="942" ind1=" " ind2=" ">
    <subfield code="2">udc</subfield>
    <subfield code="c">MON</subfield>
  </datafield>
  <datafield tag="952" ind1=" " ind2=" ">
    <subfield code="0">0</subfield>
    <subfield code="1">0</subfield>
    <subfield code="2">udc</subfield>
    <subfield code="4">0</subfield>
    <subfield code="7">0</subfield>
    <subfield code="a">CDMR</subfield>
    <subfield code="b">CDMR</subfield>
    <subfield code="d">2023-12-21</subfield>
    <subfield code="e">Donaci&#xF3;</subfield>
    <subfield code="g">20.00</subfield>
    <subfield code="l">0</subfield>
    <subfield code="o">Du 6/128</subfield>
    <subfield code="p">CDMR23120007</subfield>
    <subfield code="r">2023-12-21</subfield>
    <subfield code="w">2023-12-21</subfield>
    <subfield code="y">MON</subfield>
  </datafield>
</record>
